000 00292nam a22001337a 4500
041 _aEnglish
082 _a294.543 RAM1
100 _aRamdas, Swami
245 _aAt the Feet of God
260 _aKerala
_bAnandashram
_c1928
300 _a130
650 _aSpirituality-Hinduism
942 _cBK
999 _c21020
_d21020